<?xml version="1.0" encoding="UTF-8"?>
<record
    xmlns:xsi="http://www.w3.org/2001/XMLSchema-instance"
    xsi:schemaLocation="http://www.loc.gov/MARC21/slim http://www.loc.gov/standards/marcxml/schema/MARC21slim.xsd"
    xmlns="http://www.loc.gov/MARC21/slim">

  <leader>01886cam a2200325 a 4500</leader>
  <datafield tag="999" ind1=" " ind2=" ">
    <subfield code="c">7617</subfield>
    <subfield code="d">7617</subfield>
  </datafield>
  <controlfield tag="001">991013259199706706</controlfield>
  <controlfield tag="003">OSt</controlfield>
  <controlfield tag="005">20211227142049.0</controlfield>
  <controlfield tag="008">091230s2009    spc|||||s|||| 100 0|mul|c</controlfield>
  <datafield tag="020" ind1=" " ind2=" ">
    <subfield code="a">9788493695927</subfield>
  </datafield>
  <datafield tag="035" ind1=" " ind2=" ">
    <subfield code="a">(ES-BaCBU).b43284450</subfield>
  </datafield>
  <datafield tag="035" ind1=" " ind2=" ">
    <subfield code="a">(OCoLC)804491862</subfield>
  </datafield>
  <datafield tag="040" ind1=" " ind2=" ">
    <subfield code="a">ES-BaCBU</subfield>
    <subfield code="b">cat</subfield>
    <subfield code="c">CDMR</subfield>
  </datafield>
  <datafield tag="041" ind1="0" ind2=" ">
    <subfield code="a">spa</subfield>
    <subfield code="a">cat</subfield>
    <subfield code="a">eng</subfield>
  </datafield>
  <datafield tag="080" ind1=" " ind2=" ">
    <subfield code="a">301</subfield>
  </datafield>
  <datafield tag="111" ind1="2" ind2=" ">
    <subfield code="a">Congr&#xE9;s Internacional Comunicaci&#xF3; i Realitat</subfield>
    <subfield code="n">(5&#xE8; :</subfield>
    <subfield code="d">2009 :</subfield>
    <subfield code="c">Barcelona)</subfield>
  </datafield>
  <datafield tag="245" ind1="1" ind2="3">
    <subfield code="a">La Metamorfosi de l&#x2019;espai medi&#xE0;tic</subfield>
    <subfield code="h">[Recurs electr&#xF2;nic]:</subfield>
    <subfield code="b">V Congr&#xE9;s Internacional Comunicaci&#xF3; i realitat  = La metamorfosis del espacio medi&#xE1;tico : V Congreso Internacional Comunicaci&#xF3;n y realidad = Metamorphosis of the media space : International Congress Communication and reality  /</subfield>
    <subfield code="c">Alfons Medina, Josep Rom, Francesc Canosa (eds.)</subfield>
  </datafield>
  <datafield tag="260" ind1=" " ind2=" ">
    <subfield code="a">[Barcelona] :</subfield>
    <subfield code="b">Facultat de Comunicaci&#xF3; Blanquerna,</subfield>
    <subfield code="c">[2009]</subfield>
  </datafield>
  <datafield tag="300" ind1=" " ind2=" ">
    <subfield code="a">1 disc &#xF2;ptic (CD-ROM) (678, 542 p.)</subfield>
  </datafield>
  <datafield tag="520" ind1=" " ind2=" ">
    <subfield code="2">Comunicacions presentades al congr&#xE9;s en format PDF. Inclou 2 volums amb els seg&#xFC;ents apartats:   1. Metamorfosi de l&#x2019;espai medi&#xE0;tic: mitjans de comunicaci&#xF3; i democr&#xE0;cia.  2. Generaci&#xF3; digital: oportunitats i riscos dels p&#xFA;blics, La transformaci&#xF3; dels usos comunicatius. 3. La hibridaci&#xF3; de la informaci&#xF3;.  4. Metamorfosi dels formats en l&#x2019;&#xE0;mbit publicitari.  5. La multiplicitat de pantalles: dels mitjans als continguts</subfield>
  </datafield>
  <datafield tag="546" ind1=" " ind2=" ">
    <subfield code="a">Text en catal&#xE0;, castell&#xE0; i angl&#xE8;s</subfield>
  </datafield>
  <datafield tag="650" ind1=" " ind2="4">
    <subfield code="a">Comunicaci&#xF3;</subfield>
    <subfield code="x">Congressos</subfield>
    <subfield code="z">Catalunya</subfield>
  </datafield>
  <datafield tag="650" ind1=" " ind2="0">
    <subfield code="a">Periodisme</subfield>
    <subfield code="x">Congressos</subfield>
    <subfield code="9">3778</subfield>
    <subfield code="z">Catalunya</subfield>
  </datafield>
  <datafield tag="650" ind1="0" ind2="4">
    <subfield code="a">Mitjans de comunicaci&#xF3; de massa</subfield>
    <subfield code="x">Innovacions tecnol&#xF2;giques</subfield>
    <subfield code="v">Congressos</subfield>
    <subfield code="z">Catalunya</subfield>
  </datafield>
  <datafield tag="710" ind1="2" ind2=" ">
    <subfield code="a">Facultat de Ci&#xE8;ncies de la Comunicaci&#xF3; Blanquerna</subfield>
  </datafield>
  <datafield tag="907" ind1=" " ind2=" ">
    <subfield code="a">.b43284450</subfield>
    <subfield code="b">01-03-21</subfield>
    <subfield code="c">30-12-09</subfield>
    <subfield code="d">30-12-09</subfield>
    <subfield code="e">m</subfield>
    <subfield code="f">a</subfield>
    <subfield code="g">-</subfield>
    <subfield code="h">mul</subfield>
    <subfield code="i">spc</subfield>
    <subfield code="j">0</subfield>
    <subfield code="k">0</subfield>
  </datafield>
  <datafield tag="908" ind1=" " ind2=" ">
    <subfield code="a">UAB</subfield>
    <subfield code="a">URV</subfield>
    <subfield code="a">URL</subfield>
  </datafield>
  <datafield tag="940" ind1=" " ind2=" ">
    <subfield code="a">UAB</subfield>
  </datafield>
  <datafield tag="942" ind1=" " ind2=" ">
    <subfield code="2">udc</subfield>
    <subfield code="c">ADV</subfield>
  </datafield>
  <datafield tag="952" ind1=" " ind2=" ">
    <subfield code="0">0</subfield>
    <subfield code="1">0</subfield>
    <subfield code="4">0</subfield>
    <subfield code="7">0</subfield>
    <subfield code="a">CDMR</subfield>
    <subfield code="b">CDMR</subfield>
    <subfield code="d">2021-12-27</subfield>
    <subfield code="e">Donaci&#xF3;</subfield>
    <subfield code="l">0</subfield>
    <subfield code="o">Capsa CD's 3</subfield>
    <subfield code="p">CDMR21120148</subfield>
    <subfield code="r">2021-12-27</subfield>
    <subfield code="w">2021-12-27</subfield>
    <subfield code="y">ADV</subfield>
  </datafield>
</record>
